Consolidando la apicultura como herramienta de desarrollo : gestión innovadora: claves del éxito colectivo. /

Guardado en:
Autor Corporativo: Instituto Nacional de Tecnología Agropecuaria (Argentina)
Formato: Libro
Idioma:Spanish
Publicado: Buenos Aires : INTA, 2011.
Acceso en línea:Texto completo
Etiquetas: Agregar Etiqueta
Sin Etiquetas, Sea el primero en etiquetar este registro!
LEADER 00806nam a22001575a 4500
001 EEA.libagro008549
005 20160928094424.0
008 130809s2011####ag#a##########000#0#spa#d
020 |a 9789876790529 
082 0 4 |a 638.1 
245 0 0 |a Consolidando la apicultura como herramienta de desarrollo :  |b gestión innovadora: claves del éxito colectivo. /  |c Programa Nacional Apícola. 
260 |a Buenos Aires :  |b INTA,  |c 2011. 
300 |a 87 p. :  |b il., fot. col. ;  |c 28 cm. 
710 2 |a Instituto Nacional de Tecnología Agropecuaria (Argentina) 
856 |u http://inta.gob.ar/documentos/consolidando-la-apicultura-como-herramienta-de-desarrollo-1/at%5Fmulti%5Fdownload/file/Consolidando%20la%20Apicultura%20como%20herramienta%20de%20desarrollo.pdf  |3 Texto completo 
859 |a AR-BbBCA  |b BIB. AGRONOMIA  |h 638.1  |i C755  |p 2011/5962